[Event "Hanoi Pooltech op 2nd"]
[Site "Hanoi"]
[Date "2017.03.04"]
[Round "8"]
[White "Tran, Bao Dang Khoa"]
[Black "Le, Tri Kien"]
[Result "1/2-1/2"]
[WhiteElo "1446"]
[BlackElo "1566"]
[PlyCount "90"]
[EventDate "2017.02.17"]
[EventType "swiss"]
[EventRounds "9"]
[EventCountry "VIE"]
[SourceTitle "CBM 177 Extra"]
[Source "ChessBase"]
[SourceDate "2017.04.27"]
[SourceVersion "1"]
[SourceVersionDate "2017.04.27"]
[SourceQuality "1"]

1. d4 f5 2. c4 Nf6 3. Nc3 g6 4. Bg5 Bg7 5. Nf3 0-0 6. e3 d6 7. Be2 Qe8 8. Bxf6 Bxf6 9. Nd5 Qd8 10. Nxf6+ Rxf6 11. Qb3 c6 12. 0-0 Qc7 13. Qc3 Be6 14. a3 Nd7 15. Ng5 Bf7 16. c5 dxc5 17. Nxf7 Kxf7 18. dxc5 Qe5 19. Qb3+ Ke8 20. Qxb7 Rb8 21. Qxa7 Rxb2 22. Bf3 Qxc5 23. Qa8+ Kf7 24. Rac1 Rc2 25. Rxc2 Qxc2 26. Qb7 Ne5 27. Bd1 Qc5 28. Bb3+ Kg7 29. h3 Qxa3 30. Qb8 Nf7 31. Rd1 Rd6 32. Rxd6 Qxd6 33. Qe8 Nh6 34. h4 Qf6 35. g3 c5 36. h5 Nf7 37. Bxf7 Qxf7 38. h6+ Kf6 39. Qh8+ Ke6 40. Qc8+ Kd6 41. Qd8+ Ke6 42. Qc8+ Kf6 43. Qh8+ Ke6 44. Qc8+ Kf6 45. f4 Qd5 1/2-1/2

[Event "Hanoi Pooltech op 2nd"]
[Site "Hanoi"]
[Date "2017.02.19"]
[Round "3"]
[White "Le, Tri Kien"]
[Black "Le, Quang An"]
[Result "0-1"]
[WhiteElo "1566"]
[BlackElo "1665"]
[PlyCount "92"]
[EventDate "2017.02.17"]
[EventType "swiss"]
[EventRounds "9"]
[EventCountry "VIE"]
[SourceTitle "CBM 177 Extra"]
[Source "ChessBase"]
[SourceDate "2017.04.27"]
[SourceVersion "1"]
[SourceVersionDate "2017.04.27"]
[SourceQuality "1"]

1. d4 d5 2. c4 c6 3. Nf3 Nf6 4. Qc2 Bg4 5. Ne5 Bh5 6. e3 e6 7. Bd3 Bd6 8. f4 0-0 9. 0-0 Nbd7 10. Nc3 Bg6 11. Bd2 Bxd3 12. Qxd3 Bb4 13. Ne2 Bxd2 14. Qxd2 Ne4 15. Qc2 f6 16. Nxd7 Qxd7 17. Nc3 Nxc3 18. Qxc3 Rae8 19. c5 Qc7 20. Rae1 e5 21. g3 exf4 22. exf4 Re4 23. Rxe4 dxe4 24. Qc4+ Qf7 25. Qxf7+ Kxf7 26. Kf2 f5 27. Ke3 Ke6 28. Rc1 Kd5 29. Rc3 g6 30. Ra3 a6 31. Rb3 Rf7 32. Rc3 Rg7 33. Rc2 Rg8 34. Rd2 Rd8 35. Rc2 Rf8 36. Rd2 Ra8 37. Rc2 a5 38. a4 h6 39. b3 Rb8 40. Rd2 b5 41. cxb6 Rxb6 42. Rb2 Rb4 43. Rb1 Rxd4 44. Ke2 c5 45. Rb2 Rd3 46. Rb1 c4 0-1

[Event "Ho Chi Minh Pooltech op"]
[Site "Ho Chi Minh City"]
[Date "2017.01.15"]
[Round "9"]
[White "Duong, Thuong Cong"]
[Black "Le, Tri Kien"]
[Result "1-0"]
[WhiteElo "2054"]
[BlackElo "1560"]
[PlyCount "85"]
[EventDate "2017.01.07"]
[EventType "swiss"]
[EventRounds "9"]
[EventCountry "VIE"]
[SourceTitle "CBM 176 Extra"]
[Source "ChessBase"]
[SourceDate "2017.03.02"]
[SourceVersion "1"]
[SourceVersionDate "2017.03.02"]
[SourceQuality "1"]

1. e4 c5 2. Nf3 d6 3. c3 Nf6 4. Bd3 e6 5. 0-0 Be7 6. Re1 0-0 7. Bc2 Nc6 8. d4 e5 9. h3 a6 10. dxe5 dxe5 11. Qe2 Qc7 12. a4 Be6 13. Nbd2 h6 14. Nc4 Rad8 15. Nh4 Rfe8 16. Nf5 Bf8 17. Nce3 g6 18. Ng4 Nxg4 19. Qxg4 Kh7 20. Qh4 Bxf5 21. exf5 Qe7 22. Qg3 Qf6 23. fxg6+ fxg6 24. Be4 b6 25. h4 Kg7 26. Qe3 Kh8 27. Qg3 Ne7 28. f4 Nf5 29. Bxf5 Qxf5 30. fxe5 Bg7 31. Rf1 Qh5 32. Bf4 Bxe5 33. Bxe5+ Qxe5 34. Rf8+ Rxf8 35. Qxe5+ Kg8 36. Qe6+ Kg7 37. Rf1 Rxf1+ 38. Kxf1 Rf8+ 39. Ke2 Rf6 40. Qe5 Kf7 41. Qc7+ Ke8 42. Kd3 a5 43. Ke4 1-0